banner-ar

كتاب الايمان ومعالمه وسننه واستكماله ودرجاته / (Record no. 29878)

MARC details
000 -الفاتح
حقل البيانات ثابتة الطول 00792nam a2200217Ia 4500
008 - عناصر البيانات ثابتة الطول - معلومات عامة
حقل البيانات ثابتة الطول 140319s9999 xx 000 0 ara d
040 ## - مصدر الفهرسة
وكالة الفهرسة الأصلية GCL /
وكالة النسخ GCL
082 04 - رقم تصنيف ديوى العشرى
رقم التصنيف 243
رقم المادة س ك
100 1# - المدخل الرئيسى - إسم شخصى
الإسم الشخصى محمد زينهم محمد عزب
245 10 - بيان العنوان
العنوان كتاب الايمان ومعالمه وسننه واستكماله ودرجاته /
بيان المسئوليه,etc محمد زينهم محمد عزب
700 1# - المدخل الاضافى - اسم شخصى
الإسم الشخصى ابن سلام : ابوعبيد القاسم بن سلام الهروى البغدادى
260 ## - PUBLICATION, DISTRIBUTION, ETC. (IMPRINT)
تاريخ النشر أو التوزيع 1993
300 ## - الوصف المادى
التعداد 75 ص
490 ## - بيان السلسلة
عنوان السلسلة
650 04 - المدخل الاضافى بالموضوع-مصطلح موضوعى
مصطلح موضوعي الاسلام
650 04 - المدخل الاضافى بالموضوع-مصطلح موضوعى
مصطلح موضوعي الفقه الاسلامى
650 04 - المدخل الاضافى بالموضوع-مصطلح موضوعى
مصطلح موضوعي الايمان
650 04 - المدخل الاضافى بالموضوع-مصطلح موضوعى
مصطلح موضوعي الكبائر ( الشريعة الاسلامية )
942 ## - عناصر المدخل الإضافي( كوها)
مصدر التصنيف او مخطط الترفيف Dewey Decimal Classification
Koha [default] item type كتاب
260 ## - PUBLICATION, DISTRIBUTION, ETC. (IMPRINT)
-- [S.N] :
-- الروضة للنشر والتوزيع ،
Holdings
حالة التراجع حالة الفقد حالة تلف ليس للاعارة المكان المؤقت الموقع الحالى تاريخ الاكتساب اجمالي اﻻعارات رقم الطلب الباركود تاريخ اخر مشاهدة تاريخ تفعيل السعر نوع وعاء كوها
        مكتبة القاهرة الكبرى مكتبة القاهرة الكبرى 03/26/2014   243\س ك 69311 03/26/2014 03/26/2014 كتاب

Powered By

EGPV